| 000 | 01021nac a22003137a 4500 | ||
|---|---|---|---|
| 001 | BR7904067 | ||
| 003 | BR-BrBNA | ||
| 005 | 20240105114442.0 | ||
| 008 | 230509b bl.|||m| |||| 00| 0 por d | ||
| 040 |
_aBR-BrBNA _bpor _cBiblioteca Nacional de Agricultura |
||
| 072 | _aL74 | ||
| 090 | _a8830 BR7904067 | ||
| 100 | 1 | _aBautista, A.R.P.L. | |
| 100 | 1 | _aXara, L.S. | |
| 100 | 1 | _aRodrigues, F. de M. | |
| 100 | 1 | _aBulhoes, I.C.C. | |
| 110 | 1 |
_aEmpresa de Pesquisa Agropecuaria da Bahia, Salvador (Brasil) _94095 |
|
| 245 | 1 | _aIntoxicacao experimental por Indigofera suffruticosa Mill; 1: Toxicidade para camundongos [planta toxica, Brasil] | |
| 260 | 3 |
_aSalvador, BA (Brasil): _c1979. |
|
| 300 | _a9 p. | ||
| 490 |
_aComunicado Tecnico - Empresa de Pesquisa Agropecuaria da Bahia (Brazil) _vno. 17 _x |
||
| 500 | _a11 ref. | ||
| 650 | _aRATO | ||
| 650 | _aINTOXICACAO ANIMAL | ||
| 650 | _aPLANTA TOXICA | ||
| 650 | _aCOBAIA | ||
| 909 |
_a202312 _bLúcia Elande _c55 _dLúcia Elande |
||
| 942 |
_2AGRIS _n0 _cMS |
||
| 999 |
_c269432 _d269432 |
||